| 000 | 00350nam a2200133Ia 4500 | ||
|---|---|---|---|
| 005 | 20260328104314.0 | ||
| 008 | 260328s9999||||xx |||||||||||||| ||und|| | ||
| 100 | _aBurle Marx, Roberto | ||
| 245 | 0 |
_aArte & PaĆsagem : _b Conferencias Escolhidas / _cRoberto Burle Marx |
|
| 260 | _bNobel | ||
| 300 | _a103 p. | ||
| 650 | _aPAISAJISMO | ||
| 942 | _cBK | ||
| 999 |
_c11083 _d11083 |
||